LEADER 01332nam 2200409zu 450 001 9910988094603321 005 20260210191952.0 010 $a9170313881 035 $a(CKB)38119916600041 035 $a(IL-JeEL)9938119916600041 035 $a(EXLCZ)9938119916600041 100 $a20250331|2025uuuu || | 101 0 $aeng 135 $aur||||||||||| 181 $ctxt$2rdacontent 182 $cc$2rdamedia 183 $acr$2rdacarrier 200 10$a1800 $eSkådespelaren, tecknaren Axel Fredrik Cederholm och landskapet /$fAnna Brodow Inzaina 210 1$aStockholm :$cKriterium,$d2025. 215 $a1 online resource (216 pages) 311 08$a9170313350 311 08$a9789170313356 320 $aIncludes bibliographical references and index. 606 $aLandscape painting, Swedish$xHistory$y19th century 606 $aArtists$zSweden$vBiography 606 $aLandscape painting$zSweden$xHistory$y19th century 606 $aArt and society$zSweden$xHistory$y19th century 608 $aBiographies$2lcgft 615 0$aLandscape painting, Swedish$xHistory 615 0$aArtists 615 0$aLandscape painting$xHistory 615 0$aArt and society$xHistory 700 $aBrodow Inzaina$b Anna$01800926 906 $aBOOK 912 $a9910988094603321 996 $a1800$94345898 997 $aUNINA